| 000 | 01690nmm a2200553 a 4500 | ||
|---|---|---|---|
| 003 | AR-BaBNM | ||
| 005 | 20251128204411.0 | ||
| 008 | 036019s1973 ||||||||||||||000 | spa|| | ||
| 040 | _cAR-BaBNM | ||
| 100 | 1 | _aSánchez, Luis Alberto | |
| 245 | 1 | 0 |
_aHistoria comparada de las literaturas americanas _bdesde los orígenes hasta el barroco. 1 |
| 260 |
_aBuenos Aires _bLosada _c1973 |
||
| 300 | 0 | _a401 p. | |
| 600 | 1 | 4 | _aColón, Cristóbal |
| 600 | 1 | 4 | _aColón, Fernando |
| 600 | 1 | 4 | _aVespucci, Amerigo |
| 600 | 1 | 4 |
_aLéry, Jean de _d1536?-1613? |
| 600 | 1 | 4 | _aCortes, Hernan |
| 600 | 1 | 4 | _aLas Casas, Bartolomé De |
| 600 | 1 | 4 | _aZumarraga, Juan De |
| 600 | 1 | 4 | _aDíaz del Castillo, Bernal |
| 600 | 1 | 4 | _aCervantes de Salazar, Francisco |
| 600 | 1 | 4 | _aCieza de León, Pedro de |
| 600 | 1 | 4 | _aCastellanos, Juan |
| 600 | 1 | 4 | _aMontesinos, Fernando De |
| 600 | 1 | 4 | _aValdivia, Pedro De |
| 600 | 1 | 4 |
_aVega, Garcilaso de la _d1539-1616 |
| 600 | 0 | 4 | _aIxtlilxochitl |
| 600 | 0 | 4 |
_aJuana Ines de la Cruz _d1651-1695 |
| 600 | 1 | 4 | _aErcilla y Zuñiga, Alonso De |
| 600 | 1 | 4 |
_aRuiz de Alarcón y Mendoza, Juan _d1580?-1639 |
| 600 | 1 | 4 | _aSiguenza y Gongora, Carlos De |
| 650 | 4 | _aABORIGENES AMERICANOS | |
| 650 | 4 | _aCONQUISTA DE AMERICA | |
| 650 | 4 | _aLITERATURA LATINOAMERICANA | |
| 650 | 4 | _aSIGLO DIECINUEVE | |
| 650 | 4 | _aCRITICA LITERARIA | |
| 650 | 4 | _aHISTORIA LITERARIA | |
| 650 | 4 | _aINVESTIGACION LITERARIA | |
| 650 | 4 | _aANALISIS LITERARIO | |
| 650 | 4 | _aLENGUAS AMERINDIAS | |
| 650 | 4 | _aCULTERANISMO | |
| 650 | 4 | _aPERIODO COLONIAL | |
| 653 | 0 | _aINFLUENCIA GRECOLATINA | |
| 653 | 0 | _aBARROCO | |
| 655 | _aLITERATURA | ||
| 942 | _cBK | ||
| 998 | _cMARTIN | ||
| 999 |
_c7317 _d7317 |
||